| 000 | 00534nam a2200169Ia 4500 | ||
|---|---|---|---|
| 008 | 140626s9999 xx 000 0 und d | ||
| 100 | _aHagan-Bruke, Shana. | ||
| 245 | 3 |
_aAn examination of problem behaviors and reading outcomes in kindergarten students / _cShana Hagan-Bruke ... [et al.]. |
|
| 260 | _cc2011. | ||
| 300 | _a45 : 3, page 131 | ||
| 440 | _aJournal of Special Education | ||
| 521 | _aSPED | ||
| 650 | _aEarly intervention. | ||
| 650 | _aProblem behavior. | ||
| 650 | _aTier2 reading intervention. | ||
| 942 | _cSE | ||
| 999 |
_c120968 _d120968 |
||